| 000 | 01374nam a2200301 a 4500 | ||
|---|---|---|---|
| 001 | C01468911c-1 | ||
| 003 | CO-ViMGA | ||
| 005 | 20230915234537.0 | ||
| 008 | 150713s2014 ck b gr 00010 spa d | ||
| 020 | _a9789585870529 | ||
| 040 |
_aCO-ViMGA _bspa _cCO-ViMGA |
||
| 043 | _as-ck--- | ||
| 045 | _ax6y1 | ||
| 082 | 0 | 4 |
_a333.73 _bC65t1 |
| 110 | 2 |
_aComisión Nacional de Reparación y Reconciliación (Colombia). Grupo de Memoria Histórica. _99403 |
|
| 245 | 1 | 3 |
_aLa tierra en disputa : _bmemorias de despojo y resistencias campesinas en la Costa Caribe : 1960-2010, resumen / _cCentro Nacional de Memoria Histórica. |
| 260 |
_aBogotá : _bCentro Nacional de Memoria Historía, _c2014. |
||
| 300 |
_a87 páginas : _bmapas ; _c23 cm. |
||
| 504 | _aIncluye referencias bibliográficas (páginas 83-84) | ||
| 650 | 1 | 4 |
_aAgricultura y estado _z Caribe (Región, Colombia) _y 1960-2010. _99411 |
| 650 | 1 | 4 |
_aConflicto armado _z Caribe (Región, Colombia) _y 1960-2010. _99413 |
| 650 | 1 | 4 |
_aDesplazamiento forzado _z Caribe (Región, Colombia) _99412 |
| 650 | 1 | 4 |
_aResistencia civil _z Caribe (Región, Colombia) _y 1960-2010. _99414 |
| 650 | 1 | 4 |
_aTenencia de la tierra _z Caribe (Región, Colombia) _y 1960-2010. _99416 |
| 650 | 1 | 4 |
_aViolencia _z Caribe (Región, Colombia) _y 1960-2010. _99415 |
| 700 | 1 |
_aCorrea, Hernán Darío, _d1951-, _eed. _99417 |
|
| 942 |
_2ddc _cBK |
||
| 999 |
_c37943 _d37943 |
||